| 000 | 00744nam a2200205Ia 4500 | ||
|---|---|---|---|
| 003 | GCL | ||
| 008 | 140319s9999 xx 000 0 ara d | ||
| 020 | _a7251281977 | ||
| 040 |
_aGCL / _cGCL |
||
| 082 | 0 | 4 |
_a332.0415 _bس ق |
| 100 | 1 | _aسلوى العنترى (واخرون) | |
| 245 | 1 | 0 |
_aالقطاع المالى وتمويل التنمية فى مصر التطور والاستشراف عام 2020 / _cسلوى العنترى (واخرون) |
| 260 |
_aالقاهرة : _bالمكتبة الاكاديمية ، _c2005 |
||
| 300 |
_a580 ص ؛ _c25 سم |
||
| 650 | 0 | 4 | _aالاقتصاد الكلى |
| 650 | 0 | 4 | _aالاوراق المالية |
| 650 | 0 | 4 | _aالبنوك |
| 650 | 0 | 4 | _aالتحويل الخارجى |
| 942 |
_2ddc _cBK |
||
| 999 |
_c34659 _d34659 |
||